000 01041ntm a2200301 a 4500
001 75694
003 BD-RjUL
005 20211209082729.0
008 190521s2016 bg a|||| bm|| 00| 0 eng d
035 _a(BD-RjUL)75913
040 _aBD-RjUL
_beng
_cBD-RjUL
_dBD-RjUL
041 _aeng
082 _223
_a200
_bAHP 2016
100 1 _aAhmad, Shah Mukhtar
_9231794
245 1 0 _aPeace and Security in Major Religions:
_bA Holistic Approach /
_cby Shah Mukhtar Ahmad ;
_6Supervisor: F. M. A. H. Taqui
260 _aRajshahi :
_bDepartment of Islamic Studies, University of Rajshahi,
_c2016
300 _axiii, 217leaves ;
_c29 cm.
502 _aThesis (Ph. D.) -- Department of Islamic Studies, University of Rajshahi, 2016
504 _aBibliography : leaves [198]-217
650 _aReligions
_9231795
650 _aHinduism
_9231796
650 _aBuddhism
_9231797
650 _aJudaism
_9231798
650 _aChristianity
_9231799
650 _aIslam
_9231800
700 _aTaqui, F. M. A. H. , Supervisor
_9231801
942 _2ddc
_cTHE
999 _c75694
_d75694